Normale Ansicht MARC-Ansicht ISBD

Premiere schon ausverkauft (Titelsatznr. 374032)

[ MARC ]
MARC-Details
000 -Satzkennung
Kontrollfeld mit fester Länge 00664nab a2200193 4500
001 - Kontrollnummer
Kontrollfeld 244442
003 - Kontrollnummer Identifier
Kontrollfeld OSt
005 - Datum und Zeit der letzten Transaktion
Kontrollfeld 20251001081925.0
007 - Feld mit fester Länge zur physischen Beschreibung - Allgemeine Information
Kontrollfeld mit fester Länge tu
008 - Feld mit fester Länge zur physischen Beschreibung - Allgemeine Angaben
Kontrollfeld mit fester Länge 200917s2020|||||||
040 ## - Katalogisierungsquelle
Original-Katalogisierungsstelle DE-2950
Übertragungsstelle DE-2950
245 00 - Titel
Titel Premiere schon ausverkauft
Zusatz zum Titel Oderhähne. Erinnerung an die Rock-Ikone Tamara Danz. Vier weitere Vorstellungen im Oktober. Im Kabarettkeller wurde Sonntagnachmittag in die 49. Spielzeit gestartet/
Verfasserangabe etc. Jörg Kotterba
264 ## - Produktion, Veröffentlichung, Distribution, Herstellung und Urheberrechtsvermerk
Datum der Herstellung, der Veröffentlichung, des Vertriebs oder des Urheberschutzvermerks 2025
653 ## - Indexierungsterm - Nicht normiert
Nicht-normierter Term Frankfurt (Oder)
653 ## - Indexierungsterm - Nicht normiert
Nicht-normierter Term Oderhähne
653 ## - Indexierungsterm - Nicht normiert
Nicht-normierter Term Saisoneröffnung
773 0# - Übergeordnete Einheit
Verknüpfungsangaben 36. Jahrgang (2025) Nr. 223 vom 24.09.2025, S. 16 mit Fotos
Titel Märkische Oderzeitung
942 ## - Zusätzliche Felder (Koha)
Klassifikation oder Aufstellungssystematik Andere/Generische Klassifikation
Koha-Medientyp Aufsätze
Exemplare
Ausgeschieden Verloren Klassifikation oder Aufstellungssystematik Beschädigt Nicht entleihbar Heimatbibliothek Aufenthaltsbibliothek Aufstellungsort Erwerbungsdatum Anzahl Ausleihen Signatur Letzte Aktivität Preis gültig von Koha-Medientyp
    Andere/Generische Klassifikation     Stadtarchiv Frankfurt (Oder) | Archivbibliothek Stadtarchiv Frankfurt (Oder) | Archivbibliothek Magazin 01/10/2025   Z2 01/10/2025 01/10/2025 Aufsätze